LEGO Ninjago Season 3: Rebooted Minifigures - Statistics

General Stats
  • This quiz has been taken 67 times
  • The average score is 11 of 14
Answer Stats
Picture Answer % Correct
Cole
100%
Jay
91%
Kai
91%
Lloyd
91%
Garmadon
89%
Nya
88%
Zane
88%
Overlord
84%
P.I.X.A.L.
81%
Wu
81%
OverBorg
68%
Cryptor
65%
Zane's Falcon
63%
Min-droid
58%
No matching quizzes found
Score Distribution
Percent of People with Each Score
Percentile by Number Answered
Your Score History
You have not taken this quiz